College Writing Skills /
This text might also be useful for high school English courses. The only reason I don't give it 5 stars is because some of the grammar/punctuation sections don't have quite enough exercises in them to help some lower-level students get a firm grasp on the ideas. However, any teacher well-a...
Gespeichert in:
| 1. Verfasser: | |
|---|---|
| Format: | Buch |
| Sprache: | Vietnamese |
| Veröffentlicht: |
American :
MC Graw Hill ,
2005
|
| Ausgabe: | Tái bản lần thứ 6 |
| Schlagworte: | |
| Tags: |
Tag hinzufügen
Keine Tags, Fügen Sie den ersten Tag hinzu!
|
| Thư viện lưu trữ: | Thư viện Trường CĐ Kỹ Thuật Cao Thắng |
|---|
| LEADER | 01453nam a2200361 a 4500 | ||
|---|---|---|---|
| 001 | TVCDKTCT9914 | ||
| 003 | Thư viện trường Cao đẳng Kỹ thuật Cao Thắng | ||
| 005 | 20200917090359.000 | ||
| 008 | 080730 | ||
| 980 | \ | \ | |a Thư viện Trường CĐ Kỹ Thuật Cao Thắng |
| 024 | |a RG_1 #1 eb0 i1 | ||
| 020 | # | # | |a 0072871865 |
| 041 | 0 | # | |a vie |
| 082 | # | # | |a 808.0427 / |b C400L-j |
| 100 | 1 | # | |a Langan John |
| 245 | 0 | 0 | |a College Writing Skills / |c Langan John |
| 250 | # | # | |a Tái bản lần thứ 6 |
| 260 | # | # | |a American : |b MC Graw Hill , |c 2005 |
| 300 | # | # | |a 736tr. ; |c 29 cm |
| 520 | # | # | |a This text might also be useful for high school English courses. The only reason I don't give it 5 stars is because some of the grammar/punctuation sections don't have quite enough exercises in them to help some lower-level students get a firm grasp on the ideas. However, any teacher well-armed with worksheets can remedy that problem immediately! |
| 650 | # | 4 | |a English languge--writing, reading |
| 650 | # | 4 | |a Văn học--Anh |
| 721 | # | # | |a CN Tự động |
| 721 | # | # | |a CNKT Cơ điện tử |
| 721 | # | # | |a CNKT Cơ khí |
| 721 | # | # | |a CNKT Điện tử viễn thông |
| 721 | # | # | |a CNKT Điện tử |
| 721 | # | # | |a CNKT Điện |
| 721 | # | # | |a CNKT Nhiệt lạnh |
| 721 | # | # | |a CNKT Ô tô |
| 721 | # | # | |a Công nghệ thông tin |
| 721 | # | # | |a Kế Toán |
| 841 | # | # | |b Kho Sách |j 100025611 |


